Cleveland Monsters 2024 Roster - Statistics

General Stats
  • This quiz has been taken 8 times
  • The average score is 17 of 30
Answer Stats
Picture Answer % Correct
Cole Clayton
100%
Jet Greaves
100%
Luca Del Bel Belluz
100%
Owen Sillinger
100%
Trey Fix-Wolansky
100%
Jake Gaudet
75%
James Malatesta
75%
Josh Dunne
75%
Pavel Cajan
75%
Stefan Matteau
75%
Zachary Okabe
75%
Cameron Butler
50%
Hunter McKown
50%
Justin Pearson
50%
Luca Pinelli
50%
Malcom Subban
50%
Marcus Bjork
50%
Nick Blankenburg
50%
Roman Ahcan
50%
Samuel Knazko
50%
Stanislav Svozil
50%
Tyler Angle
50%
Alex Whelan
25%
Billy Sweezey
25%
Corson Ceulemans
25%
David Jiricek
25%
Jake Christiansen
25%
Jakub Zboril
25%
Mikael Pyyhtia
25%
Ole Julian Bjorgvik-Holm
25%
No matching quizzes found
Score Distribution
Percent of People with Each Score
Percentile by Number Answered
Your Score History
You have not taken this quiz